Statistics for Silly Love Songs - Paul McCartney & Wings (All Lyrics)

Click here to take the quiz!

General Stats

  • This quiz has been taken 20 times
  • The average score is 193 of 227

Answer Stats

Answer% Correct
a
100%
I
100%
know
100%
Love
100%
love
100%
silly
100%
so
100%
that?
100%
that
100%
to
100%
you
100%
go
94%
he
94%
see
94%
see?
94%
Some
94%
songs
94%
when
94%
again
88%
all
88%
And
88%
and
88%
at
88%
But
88%
can
88%
here
88%
isn't
88%
It
88%
it
88%
people
88%
the
88%
want
88%
what's
88%
What's
88%
with
88%
world
88%
around
81%
'Cause
81%
fill
81%
had
81%
I'd
81%
in
81%
like
81%
me
81%
my
81%
of
81%
think
81%
wrong
81%
can't
75%
come
75%
doesn't
75%
enough
75%
How
75%
I'm
75%
look
75%
minute
75%
need
75%
no
75%
Sometimes
75%
more
69%
one?
69%
She
69%
she
69%
tell
69%
would've
69%
Oh
63%
only
63%
You'd
63%
about
56%
explain
56%
gave
56%
loved
56%
Now
50%
say
38%
Ah
31%
feeling's
31%
plain
19%

Score Distribution

Percentile by Number Answered

Percent of People with Each Score

Your Score History

You have not taken this quiz